[Event "Perth op"]
[Site "Perth"]
[Date "2023.01.06"]
[Round "7"]
[White "Hardegen, Kathryn"]
[Black "Chen, Angus"]
[Result "1-0"]
[WhiteElo "1887"]
[BlackElo "1394"]
[PlyCount "72"]
[EventDate "2023.01.02"]
[EventType "swiss"]
[EventRounds "11"]
[EventCountry "AUS"]
[SourceTitle "CBM 212 Extra"]
[Source "ChessBase"]
[SourceDate "2023.03.31"]
[SourceVersion "1"]
[SourceVersionDate "2023.03.31"]
[SourceQuality "1"]

1. d4 Nf6 2. Nf3 e6 3. c4 d5 4. Nc3 c6 5. e3 Nbd7 6. Qc2 Be7 7. b3 0-0 8. Bb2 dxc4 9. bxc4 c5 10. Be2 b6 11. 0-0 Bb7 12. Rad1 a6 13. d5 exd5 14. cxd5 Bd6 15. Ng5 Re8 16. h3 b5 17. Nce4 Nxe4 18. Nxe4 Nb6 19. Nxd6 Qxd6 20. e4 c4 21. e5 Qd8 22. d6 Qg5 23. Bg4 Rad8 24. f4 Qh4 25. Bf3 Bxf3 26. Rxf3 Nd7 27. Bd4 f6 28. Qe4 fxe5 29. Qd5+ Kh8 30. fxe5 Qg5 31. Rdf1 h6 32. Rf7 Nxe5 33. R7f5 Qd2 34. Rxe5 Rg8 35. Re3 Qa5 36. Re6 Qd2 1-0